Top 10 cleanest countries - Statistics

General Stats
  • This quiz has been taken 147 times
    143 since last reset
  • The average score is 8 of 10
Answer Stats
Rank Country % Correct
2 Norway
93%
3 Sweden
93%
1 Finland
89%
5 Canada
84%
9 New Zealand
83%
4 Iceland
81%
8 Australia
78%
6 Switzerland
72%
7 Austria
67%
10 Ireland
60%
No matching quizzes found
Score Distribution
Percent of People with Each Score
Percentile by Number Answered
Your Score History
You have not taken this quiz since the last reset